Lautréamont y Sade /

Tomando como punto de partida algunos aspectos generales de la obra del marqués de Sade y de Lautréamont, Maurice Blanchot hace una crítica del discurso de la crítica literaria. Para Blanchot el objetivo de la crítica debe ser la búsqueda del sentido de la experiencia poética como tal, la experienci...

Full description

Bibliographic Details
Main Author: Blanchot, Maurice 1907-
Format: Libro
Language:Spanish
Published: México Fondo de Cultura Económica 1990
Series:Breviarios
Subjects:
Online Access:

MARC

LEADER 00000cam a2200000 a 4500
001 021405
003 UAHC_CL
005 20170803122003.0
008 150429s1990 mx 000 spa
020 |a 9786071621641 
040 |a UAHC_CL  |c UAHC_CL  |d UAHC_CL 
082 0 4 |a 844  |b B6414  |2 21 
100 1 |a Blanchot, Maurice  |d 1907- 
245 1 0 |a Lautréamont y Sade /  |c por Maurice Blanchot ; traducción de Enrique Lombera Pallares. 
260 |b Fondo de Cultura Económica  |a México  |c 1990 
300 |a 261 p. 
490 0 |a Breviarios 
520 |a Tomando como punto de partida algunos aspectos generales de la obra del marqués de Sade y de Lautréamont, Maurice Blanchot hace una crítica del discurso de la crítica literaria. Para Blanchot el objetivo de la crítica debe ser la búsqueda del sentido de la experiencia poética como tal, la experiencia descarnada antes que la explicación. 
600 1 4 |a SADE, MARQUIS DE  |d 1740-1814 
600 1 4 |a LAUTRÉAMONT  |c COMTE DE  |d 1846-1870 
653 |a ESTUDIOS GENERALES 
900 |a 844 BLA 
942 |c BK 
952 |0 4  |1 0  |4 0  |6 844_000000000000000_BLA  |7 0  |8 General  |9 42509  |a BC  |b BC  |c General  |d 2017-08-03  |l 1  |o 844 BLA  |p 1430118  |r 2022-03-02 00:00:00  |s 2019-07-19  |t 1  |w 2017-08-03  |y BK 
999 |c 21405  |d 21405